|
|
|
|
| LEADER |
00000nam0a2200000 4500 |
| 001 |
356469 |
| 005 |
20231102010909.0 |
| 010 |
|
|
|b 100 экз.
|
| 035 |
|
|
|a (RuTPU)RU\TPU\retro\13729
|
| 035 |
|
|
|a RU\TPU\retro\13716
|
| 090 |
|
|
|a 356469
|
| 100 |
|
|
|a 20200721d1969 m y0rusy50 ca
|
| 101 |
0 |
|
|a rus
|
| 102 |
|
|
|a RU
|
| 105 |
|
|
|a a z 000zy
|
| 200 |
1 |
|
|a Измерение электрических величин компенсатором постоянного тока
|e лабораторная работа № 8
|f Томский политехнический институт; сост. А. Н. Оберган, В. К. Жуков
|
| 210 |
|
|
|a Томск
|d 1969
|
| 215 |
|
|
|a 12 с.
|c ил.
|
| 320 |
|
|
|a Библиогр.: с. 12
|
| 606 |
1 |
|
|a Электрические измерения тока
|2 stltpush
|3 (RuTPU)RU\TPU\subj\26940
|9 50769
|
| 610 |
1 |
|
|a коллекция ТПУ
|
| 610 |
1 |
|
|a труды учёных ТПУ
|
| 610 |
1 |
|
|a лабораторные работы
|
| 610 |
1 |
|
|a ЭДС
|
| 610 |
1 |
|
|a напряжения
|
| 610 |
1 |
|
|a токи
|
| 610 |
1 |
|
|a активное сопротивление
|
| 610 |
1 |
|
|a мощности
|
| 610 |
1 |
|
|a вычисления
|
| 610 |
1 |
|
|a расчеты
|
| 675 |
|
|
|a 621.317.71
|v 4
|
| 702 |
|
1 |
|a Оберган
|b А. Н.
|4 220
|
| 702 |
|
1 |
|a Жуков
|b В. К.
|c российский ученый, электрофизик
|c Заслуженный профессор Томского политехнического университета, доктор технических наук
|f 1937-
|g Владимир Константинович
|2 stltpush
|3 (RuTPU)RU\TPU\pers\19785
|4 220
|
| 712 |
0 |
2 |
|a Томский политехнический институт
|c (1944-1991)
|2 stltpush
|3 (RuTPU)RU\TPU\col\1123
|9 23521
|
| 801 |
|
1 |
|a RU
|b 63413507
|c 20200720
|
| 801 |
|
2 |
|a RU
|b 63413507
|c 20200721
|g RCR
|
| 942 |
|
|
|c BK
|